000 00816nam a22002297a 4500
003 OSt
005 20250714101238.0
008 250714b |||||||| |||| 00| 0 eng d
020 _a9781284229271
040 _aDWC-Main Lib
_cOC
082 _aCirc. 610.73 N974 2023
100 _aBastable, Susan B.
245 _aNurse as educator :
_bprinciples of teaching and learning for nursing practice/
_cSusan B. Bastable
250 _a2nd edition
260 _aBurlington, MA :
_bJones & Bartlet Learning,
_cc2023.
300 _axx, 725 pages :
_billustrations ;
_c23cm.
504 _aIncludes bibliographical references and index.
650 _a1. Health promotion--methods
650 _a2. MESH- Patient education as topic-- methods
650 _a3. Teaching learning
942 _2ddc
_cBK-CIRC
_e2nd edition
_kCirc.
_n0
999 _c3667
_d3667